00325nam a2200133Ia 4500003000400000005001700004008004100021020001900062040001700081100001900098245005200117260001300169260000900182OSt20240311160434.0170524s9999 xx 000 0 und d a978-8182040007 cIIMTU MEERUT aNegi- Jagmohan 0aFood & beverage laws : Food safety and hygience bAman Pub c2004